| 000 | 00741nam a2200205 i 4500 | ||
|---|---|---|---|
| 001 | 185362 | ||
| 003 | ES-MaACL | ||
| 005 | 20250903084347.0 | ||
| 008 | 160525s1910 gw |||| | ger d | ||
| 110 | 2 |
_aKarl W. Hiersemann (Firma) _9159387 |
|
| 245 | 1 | 0 |
_aRussland _b: geschichte, geographie, ethnographie, kunst, sprache und literatur : Katalog 386. |
| 260 |
_aLeipzig : _bKarl W. Hiersemann, _c1910. |
||
| 300 |
_a185 p. ; _c21 cm. |
||
| 610 | 2 |
_aKarl W. Hiersemann (Firma)- _vCatálogos. _9158963 |
|
| 650 | 7 |
_aCatálogos de editores- _yS.XX _2 _9169795 |
|
| 650 | 7 |
_aCatálogos de editores- _yS.XX _2 _9169795 |
|
| 650 | 4 |
_aCatálogos de editores- _zAlemania _912066 |
|
| 852 |
_aES-MaACL _j1512-F-7 |
||
| 999 |
_c185362 _d185362 |
||